000
00328nam a2200133Ia 4500
008
240624s9999 xx 000 0 und d
041
_a
eng
082
_a
302.35 SCO
100
_a
SCOTT W RICHARD
245
_a
INSTITUTIONAL CONSTRUCTION OF ORGANIZATI
260
_c
1995
_a
New Delhi
_b
Sage
300
_a
384 : p.
365
_c
_b
28
999
_c
22224
_d
22224